00603nam a22001697a 450000500170000001000150001702000270003203500590005903700130011808200110013110000170014224501150015926000450027427000630031930000260038270000250040820230210172016.0 aENG-118752 a99789381506677c399.00 aEfficacy on financial inclusion policies and Way ahead bDBAD/PUB a181.45 aNikhilananda aSri Ramakrishna:bThe face of silence/cby by Nikhilananda [and] Dhan Gopal Mukherji ; edited by Adiswarananda aNew DelhibManjul Publishing Housec2015 a7/32,Ground Floor,Ansari Road,DaryaganjbNew Delhie110002 axiv,329p.c22cm (Pbk) dMukerji, Dhan Gopal